00337 a2200133 450000500170000000800410001702000180005804100120007610000190008824500570010725000120016426000190017630000080019520260312113321.0260312b |||||||| |||| 00| 0 eng d a9783030984939 aEnglish a Djordjevic I. aAdvanced Optical And Wireless Communications Systems a2nd ed. bSpringerc2022 a782